| 000 | 00472nam a2200157 4500 | ||
|---|---|---|---|
| 001 | 127437 | ||
| 003 | ES-MaACL | ||
| 007 | t| | ||
| 008 | 070214s1924 fr r ||||1| fre d | ||
| 100 | 1 |
_aRidder, André de. _997052 |
|
| 245 | 1 | 0 |
_aL'art en Grèce / _cpar A. de Ridder and W. Deonna. |
| 260 |
_aParis : _b[s. n.], _c1924 ( _eCorbeil : _fCrété) |
||
| 300 |
_aXXVIII, 430 p., 11 lám. ; _c21 x 14 cm. |
||
| 700 | 1 |
_aDeonna, Waldemar. _943747 |
|
| 852 |
_aES-MaACL _jB-3109 |
||
| 999 |
_c127437 _d127437 |
||